Glastonbury Headliners Since 2000 - Statistics

General Stats
  • This quiz has been taken 319 times
  • The average score is 30 of 60
Answer Stats
Hint Answer % Correct
2004 Oasis
82%
2024 Coldplay
81%
2016 Coldplay
81%
2011 Coldplay
81%
2005 Coldplay
81%
2002 Coldplay
81%
2011 Beyonce
71%
2009 Blur
70%
2023 Arctic Monkeys
68%
2013 Arctic Monkeys
68%
2007 Arctic Monkeys
68%
2022 Paul McCartney
68%
2004 Paul McCartney
68%
2008 Jay Z
67%
2016 Adele
62%
2023 Elton John
62%
2025 Olivia Rodrigo
61%
2013 Rolling Stones
60%
2017 Ed Sheeran
59%
2017 Foo Fighters
59%
2015 Kanye West
59%
2017 Radiohead
59%
2003 Radiohead
59%
2019 The Killers
57%
2007 The Killers
57%
2025 The 1975
53%
2024 Dua Lipa
52%
2014 Metallica
52%
2025 Neil Young
52%
2009 Neil Young
52%
2011 U2
51%
2022 Kendrick Lamar
50%
2022 Billie Eilish
49%
2019 Stormzy
48%
2000 David Bowie
47%
2019 The Cure
44%
2023 Guns n Roses
42%
2010 Gorillaz
41%
2016 Muse
41%
2010 Muse
41%
2004 Muse
41%
2009 Bruce Springsteen
40%
2024 SZA
40%
2015 The Who
39%
2007 The Who
39%
2002 Rod Stewart
38%
2015 Florence and the Machine
37%
2014 Kasabian
35%
2014 Arcade Fire
32%
2008 Kings of Leon
32%
2010 Stevie Wonder
31%
2005 The White Stripes
30%
2008 The Verve
28%
2003 R.E.M
27%
2002 Stereophonics
27%
2000 Travis
27%
2013 Mumford and Sons
25%
2000 Chemical Brothers
23%
2003 Moby
19%
2005 Basement Jaxx
16%
No matching quizzes found
Score Distribution
Percent of People with Each Score
Percentile by Number Answered
Your Score History
You have not taken this quiz